Estadios de Fútbol de Colombia - Estadísticas

Estadísticas generales
  • Esta prueba ha sido intentada 172 veces
  • La puntuación promedio es 13 de 20
Estadísticas de respuestas
Equipo Ciudad Estadio % Correcto
Atlético Nacional Medellín Atanasio Girardot
96%
Independiente Medellín Medellín Atanasio Girardot
96%
Independiente Santa Fé Bogotá Nemesio Camacho El Campín
92%
Millonarios Bogotá Nemesio Camacho El Campín
92%
Junior Barranquilla Metropolitano Roberto Meléndez
87%
América de Cali Cali Olímpico Pascual Guerrero
87%
Once Caldas Manizales Palogrande
77%
Deportes Tolima Ibagué Manuel Murillo Toro
70%
Boyacá Chicó Tunja La Independencia
62%
Deportivo Pereira Pereira Hernán Ramírez Villegas
56%
Fortaleza CEIF Bogotá Metropolitano de Techo
56%
La Equidad Bogotá Metropolitano de Techo
56%
Envigado F.C. Envigado Polideportivo Sur
56%
Atlético Bucaramanga Bucaramanga Américo Montanini
55%
Unión Magdalena Santa Marta Sierra Nevada
55%
Deportivo Cali Cali Deportivo Cali
52%
Llaneros Villavicencio Bello Horizonte - Rey Pelé
44%
Águilas Doradas Rionegro Alberto Grisales
40%
Alianza F.C. Valledupar Armando Maestre Pavajeau
34%
Deportivo Pasto Pasto Departamental Libertad
31%
No se encontraron pruebas coincidentes
Distribución de puntuación
Porcentaje de gente con cada puntuación
Porcentaje por número respondido
Historial de tus puntuaciones
No has intentado esta prueba.